000 00349 a2200157 4500
001 179247
020 _a
040 _cMagnum
100 _aSaloutti, Elza Cesar
240 1 0 _aPao quente e cenouras frescas
_lpor
245 1 0 _aPao quente e cenouras frescas
362 0 _a1899
440 1 _aÁtica
697 _aMAGNITO: I/ANIMAIS
942 _cBK
999 _c179247
_d179247